Viajes y viajeros América en los grandes viajes

Bewaard in:
Bibliografische gegevens
Formaat: Boek
Taal:Spaans
Gepubliceerd in: Madrid Aguilar 1957
Reeks:Biblioteca Indiana
Onderwerpen:
Tags: Voeg label toe
Geen labels, Wees de eerste die dit record labelt!

MARC

LEADER 00000nam a2200000 a 4500
001 UCV9192
003 CL-VaPUC
008 920707e19570000SP |||||||||||||||||spa|d
082 0 4 |a 910.4  |b VIA  |2 21 
245 1 0 |a Viajes y viajeros América en los grandes viajes 
300 |a v 
942 |c BK 
945 |d 19920707 00:00:00  |a oaravena 
260 |a Madrid  |b Aguilar  |c 1957 
500 |a v.1: América de los grandes viajes 
500 |a v.2: Viajes por Norteamerica 
500 |a v.3: Viaje por América del Sur 
500 |a v.4: Viajes por América del Sur II 
650 0 |a Viajeros  |9 267525 
650 0 |a Relatos personales  |9 255122 
651 0 |a América Latina   |9 255027 
583 |a last modification  |c 20180120 22:50:57  |k Rodrigo Vera 
490 0 |a Biblioteca Indiana 
999 |c 214567  |d 214565 
952 |0 0  |1 0  |4 0  |6 910_400000000000000_VIA_1957  |7 0  |8 A  |9 198083  |a BIBARQ  |b BIBARQ  |d 2019-11-14  |h v.1  |i 2656590  |o 910.4 VIA 1957  |p 2656590  |r 2025-01-20  |w 2019-11-14  |y BK  |k ARQ 
952 |0 0  |1 0  |4 0  |6 910_400000000000000_VIA_1957  |7 0  |8 A  |9 198084  |a BIBARQ  |b BIBARQ  |d 2019-11-14  |h v.3  |i 2656612  |o 910.4 VIA 1957  |p 2656612  |r 2025-01-20  |w 2019-11-14  |y BK  |k ARQ 
952 |0 0  |1 0  |4 0  |6 910_400000000000000_VIA_1957  |7 0  |8 A  |9 198085  |a BIBARQ  |b BIBARQ  |d 2019-11-14  |h v.4  |i 2656620  |o 910.4 VIA 1957  |p 2656620  |r 2025-01-20  |w 2019-11-14  |y BK  |k ARQ